Nombra estos Santos - Estadísticas

Estadísticas generales
  • Esta prueba ha sido intentada 2.078 veces
    1.842 desde el último reinicio
  • La puntuación promedio es 8 de 16
Estadísticas de respuestas
Descripción Santo % Correcto
Madre de Dios Virgen María
100%
Padre putativo de Jesús San José de Nazaret
83%
Su sepultura en Galicia es un sitio famoso de peregrinación Santiago el Mayor
78%
Papa del fin del siglo XX Juan Pablo II
72%
Fundador de la Orden Franciscana San Francisco de Asís
72%
El primer papa San Pedro
66%
El discípulo a quien Jesús amaba San Juan Evangelista
63%
Fundadora de las Misioneras de la Caridad en India Santa Teresa de Calcuta
57%
Autor de la mayoría de los espístolas San Pablo de Tarso
42%
Fundadora de la Orden de Carmelitas Descalzos Santa Teresa de Jesús
36%
Poeta místico del renacimiento español San Juan de la Cruz
27%
Fundador del Opus Dei y escritor de Camino {Josemaría Escrivá} de Balaguer
26%
Mártir quien supuestamente perdió los ojos Santa Lucía
22%
Autor de Confesiones; obispo de África San Agustín de Hipona
21%
El principal representante de la enseñanza escolástica San Tomás de Aquino
20%
Mística dominicana de la América del Sur Santa Rosa de Lima
11%
No se encontraron pruebas coincidentes
Distribución de puntuación
Porcentaje de gente con cada puntuación
Porcentaje por número respondido
Historial de tus puntuaciones
No has intentado esta prueba desde el último reinicio